=LDR 00000nam 2200000 4500 =001 INLIS000000000006440 =005 20130612094557 =008 ***********************************Ind** =035 ##$$0010-061300000006440 =041 ##$$a Ind =082 ##$$a 633 =090 ##$$a 633, Sud t =100 ##$$a Sudarmo, Subyakto =245 ##$$a Tanaman perkembuan, pengendalian hama dan penyakit, Subiyakto Sudarmo =260 ##$$a 2000 $b Yogyakarta =300 ##$$a 107 hlm., Ilus., 20 cm =650 ##$$a Tanaman Perkebunan =850 ##$$a NBPNMAT